| 000 | 01727cam a22003251i 4500 | ||
|---|---|---|---|
| 003 | SA-RiAUC | ||
| 005 | 20241012074222.0 | ||
| 008 | 241006s1984 ku g b 000r0 ara c | ||
| 040 |
_aSA-MaUQU _bara _cSA-RiAUC _erda |
||
| 082 | 0 | 4 |
_a216.4 _qSA-RiAUC |
| 090 |
_a216.4 _bر ف ا |
||
| 100 | 1 |
_aالرفاعي، يوسف هاشم، _d1932-2018 _eمؤلف. |
|
| 245 | 1 | 0 |
_aأدلة أهل السنة والجماعة، أو، الرد المحكم المنيع على منكرات وشبهات ابن منيع في تهجمه على السيد محمد علوي المالكي المكي / _cيوسف هاشم الرفاعي. |
| 246 | 3 | 3 | _aالرد المحكم المنيع على منكرات وشبهات ابن منيع في تهجمه على السيد محمد علوي المالكي المكي |
| 250 | _aالطبعة الأولى. | ||
| 264 | 1 |
_aالكويت : _b[الناشر غير محدد]، _c1984 |
|
| 300 |
_a160 صفحة ؛ _c24 سم |
||
| 336 |
_aنص _btxt _2rdacontent _3كتاب |
||
| 337 |
_aبدون وسيط _bn _2rdamedia |
||
| 338 |
_aمجلد _bnc _2rdacarrier |
||
| 504 | _aببليوجرافية : صفحة 157. | ||
| 600 | 1 | 7 |
_aالحسني، محمد بن علوي المالكي، _d1367-1425 هجري _2aucnm |
| 650 | 7 |
_aالإسلام _xدفع مطاعن _2aucsh |
|
| 650 | 7 |
_aالبدع في الإسلام _2aucsh |
|
| 700 | 1 | 2 |
_aابن منيع، عبد الله بن سليمان بن محمد، _d1349 هجري- _tحوار مع المالكي في رد منكراته وضلالاته. |
| 740 | 0 | 2 | _aحوار مع المالكي في رد منكراته وضلالاته. |
| 942 |
_2ddc _cBOOK _n0 |
||
| 949 |
_aSA-JeALM _d241006 _umohamedma123 _n1 |
||
| 999 |
_c1208 _d1208 |
||